Progressively Harder Musical Instruments - Statistics

General Stats
  • This quiz has been taken 91 times
  • The average score is 10 of 15
Answer Stats
Picture Hint Answer % Correct
2 Trumpet
100%
1 Violin
100%
3 Clarinet
99%
6 Viola
93%
4 Snare Drum
89%
5 Piccolo
75%
11 Ocarina
72%
10 Marimba
64%
8 Euphonium
62%
9 Bass Clarinet
58%
13 Soprano Saxophone
58%
12 Flügelhorn
37%
7 Tenor Drums
29%
14 Subcontrabass Flute
12%
15 Yaybahar
7%
No matching quizzes found
Score Distribution
Percent of People with Each Score
Percentile by Number Answered
Your Score History
You have not taken this quiz